000 01430nam0a22003011 4500
001 v19\rc\1949212
005 20230411093016.0
035 _a(NLR Aleph) 005268409
090 _a5973340
_c5973340
100 _a20080428d1913 |||y0rusy50 ca
101 0 _arus
102 _aRU
105 _aa i |||||
200 1 _aОпыт статистической обработки материалов текущей школьной статистики
_eПредставлен в виде докл. Общезем. съезду по статистике нар. образ.
_f(Из Стат. семинария С.-П.-Б. высш. жен. курсов)
_gА.А. Кауфман и Т.Л. Якобсон
210 _aХарьков
_cт-во "Печатня С.П. Яковлева"
_d1913
215 _a34 с.
_cтабл.
_d26
309 _aБез тит. л.
532 1 3 _aОпыт статистической обработки материалов текущей школьной статистики
700 1 _aКауфман
_bА. А.
_cэкономист
_f1864-1919
_gАлександр Аркадьевич
_3RU\NLR\AUTH\7766612
_7ca
701 1 _aЯкобсон
_bТ. Л.
801 0 _aRU
_bNLR
_c20080428
_gpsbo
801 0 _aRU
_bRuMoRGB
_c20080428
_2psbo
801 1 _aRU
_bProSoft-M
_c20080428
_2rusmarc
801 2 _aRU
_bNLR
_c20081105
_2rusmarc
852 _aNLR
_j20.31.9.677
942 _cBOOK
980 _aNB